Geschiedenis van Nederland na 1830. (Record no. 18641)
[ view plain ]
| 000 -LEADER | |
|---|---|
| fixed length control field | 00698cam a22002171 4500 |
| 001 - CONTROL NUMBER | |
| control field | d 01000346 |
| 003 - CONTROL NUMBER IDENTIFIER | |
| control field | DLC |
| 005 - DATE AND TIME OF LATEST TRANSACTION | |
| control field | 20260227111148.0 |
| 008 - FIXED-LENGTH DATA ELEMENTS--GENERAL INFORMATION | |
| fixed length control field | 860212m18731882ne 000 0 dut |
| 010 ## - LIBRARY OF CONGRESS CONTROL NUMBER | |
| LC control number | d 01000346 |
| 035 ## - SYSTEM CONTROL NUMBER | |
| System control number | (OCoLC)23413501 |
| 040 ## - CATALOGING SOURCE | |
| Original cataloging agency | DLC |
| Transcribing agency | MiU |
| Modifying agency | DLC |
| 042 ## - AUTHENTICATION CODE | |
| Authentication code | premarc |
| 050 00 - LIBRARY OF CONGRESS CALL NUMBER | |
| Classification number | DJ241 |
| Item number | .K3 |
| 100 1# - MAIN ENTRY--PERSONAL NAME | |
| Personal name | Kemper, Jeronimo de Bosch, |
| Dates associated with a name | 1808-1876. |
| 245 00 - TITLE STATEMENT | |
| Title | Geschiedenis van Nederland na 1830. |
| Statement of responsibility, etc. | Met aanteekeningen en onuitgegeven stukken. Door Jhr. Mr. J. De Bosch Kemper. |
| 260 ## - PUBLICATION, DISTRIBUTION, ETC. | |
| Place of publication, distribution, etc. | Amsterdam, |
| Name of publisher, distributor, etc. | E. S. Witkamp, |
| Date of publication, distribution, etc. | 1873-82. |
| 300 ## - PHYSICAL DESCRIPTION | |
| Extent | 5 v. |
| Dimensions | 24 cm. |
| 500 ## - GENERAL NOTE | |
| General note | Imprint varies: v. 5, Amsterdam, J. Müller. |
| 651 #0 - SUBJECT ADDED ENTRY--GEOGRAPHIC NAME | |
| Geographic name | Netherlands |
| General subdivision | History |
| Chronological subdivision | 1830-1849. |
No items available.